Word Ladder: Minor League Baseball Quiz Stats

 Plays Quiz Updated Jul 6, 2016

Challenge
Share
Tweet
Embed
Score 0/20 Timer 02:00
0 Plays Today
Hint 4-Letter Words % Correct
Lion's loud growlROAR
96%
'It hit me like _ ___ of bricks!'A TON
95.4%
Beatles album, 'Abbey ____'ROAD
95.4%
Open-handed hitSLAP
95.1%
Bring to a standstillSTOP
94.6%
Swine's foodSLOP
94%
At the peak ofATOP
92.3%
Sail on air, like a hang gliderSOAR
92.3%
Shower bar?SOAP
91.5%
CargoLOAD
88.7%
Hint 4-Letter Words % Correct
Titled male aristocratLORD
86%
Philadelphia Phillies AAA affiliate: Lehigh Valley [FIRST RUNG]____
OR an alternate word for hogs
PIGS
85.8%
Elite British college in BerkshireETON
84%
Computer desktop imageICON
83.6%
Philadelphia Phillies AAA affiliate: Lehigh Valley ____[LAST RUNG]
OR a metallic element
IRON
81%
Ancient body of storiesLORE
80.6%
'Micro' or 'Macro' subject, abbr.ECON
80.2%
Pieces of firewoodLOGS
77.6%
Collectible disks of the 1990sPOGS
71.5%
Private theater boxLOGE
71.2%

Today's Daily Dose

You're not logged in!

Compare scores with friends on all Sporcle quizzes.
OR
Log In

You Might Also Like...

Show Comments

Extras

Top Quizzes Today


Score Distribution

Your Account Isn't Verified!

In order to create a playlist on Sporcle, you need to verify the email address you used during registration. Go to your Sporcle Settings to finish the process.

Report this User

Report this user for behavior that violates our Community Guidelines.

Details: